00585nam a2200169 i 450000100060000000300090000600500170001500700030003200800410003510000280007624500560010426000690016030000270022985200210025699900170027795201210029426332ES-MaACL20230906153426.0t|030108s1902 fr ||||1| fre d1 aArthus, Maurice.92346210aEléments de Physiologique / cpar Maurice Arthus. aParís : bMasson et Cie, c1902 (eCoulommiers : fP. Brodard) aXII, 874 p. ; c17 cm. aES-MaACLjD-2465 c26332d26332 00104070aATENEOMbATENEOMcSVId2008-01-17eSCl0oD-2465p901027174r2023-02-23 00:00:00w2023-02-23yMONOGRAFIA